000
00311nam a22001337a 4500
003
SGT
020
_a
9789351439042
082
_a
336.27815
_b
RAS
100
_a
RASTOGI ABHISHEK
245
_a
INDIA NEEDS GST
_b
POLITICS OVER ECONOMICS
260
_a
GURUGRAM
_b
LEXIS NEXIS
_c
2016
300
_a
703
942
_2
ddc
_c
BK
999
_c
28573
_d
28573